00515nam a22001577a 4500020001800000040000900018082001500027100003100042110003100073245004700104260004100151650003000192942001200222999001900234952010400253 a9788131707135 cNUST a629.25 HAL aHalderman, James D.957722 aMitchell, Chase D.9112366 aAutomotive Engines: bTheory and Servicing aNew Delhi:bPearson Prentice,c2007. aAutomotive Engines961370 2ddccBK c594772d594772 00102ddc4070aCEMEbCEMEcGENd2023-05-16l0o629.25 HALpCEME-45325r2023-05-16w2023-05-16yBK